Statistics for Countries by Highest Population In 1800

Click here to take the quiz!

General Stats

  • This quiz has been taken 24 times
  • The average score is 6 of 10

Answer Stats

Population% of WorldCountry% Correct
47 500 0004.8Britian
96%
297 623 95030.4Qing China
96%
47 296 0004.8France
83%
35 005 0003.6Russian Empire
79%
24 710 0002.5Spain
79%
26 000 0002.7Ottoman Empire
71%
29 000 0003Tokugawa Japan
63%
41 050 0004.2Holy Roman Empire
46%
207 000 00021.1Maratha Confederacy
13%
23 145 0002.4Habsburg Monarchy
8%

Score Distribution

Percentile by Number Answered

Percent of People with Each Score

Your Score History

You have not taken this quiz